000 00387cam a2200157ua 4500
041 _aeng
_h
082 _a828.09
_bWAL/AR
100 _aWalton litz, A .
245 _aArt of James Joyce /
_cA Walton litz.
_hTextual Documents
250 _a1 /
_b.
260 _aNew York :
_bOxford University Press ,
_c1964.
300 _a150 ; .
504 _a
942 _cBK
999 _c8608
_d8608